Gallego /

Đã lưu trong:
Chi tiết về thư mục
Tác giả chính: Barnet, Miguel, 1940-
Định dạng: Không biết
Ngôn ngữ:Spanish
Được phát hành: Cuba : Editorial Letras Cubanas, 1985.
Những chủ đề:
Các nhãn: Thêm thẻ
Không có thẻ, Là người đầu tiên thẻ bản ghi này!

MARC

LEADER 000000000a22000000004500
001 002176
041 0 |a spa 
082 0 4 |a Cu863.4   |b B261g 
100 1 |a Barnet, Miguel,   |d 1940- 
245 1 0 |a Gallego /   |c Miguel Barnet. 
260 1 |a Cuba :   |b Editorial Letras Cubanas,   |c 1985. 
300 |a 271 páginas 
650 4 |a LITERATURA CUBANA 
650 4 |a NOVELA 
999 |c 8757  |d 8757 
942 |c BK  |h Cu863.4 B261g  |2 z